| 000 | 01541nam a2200361 a 4500 | ||
|---|---|---|---|
| 001 | 54155 | ||
| 003 | AR-BaAGN | ||
| 005 | 20240503142351.0 | ||
| 007 | ta | ||
| 008 | s ag |||||r|||| ||| ||spa d | ||
| 020 | _a978-987-558-730-4 | ||
| 040 |
_aAR-BaAGN _bspa _eaacr |
||
| 111 | _aJornadas de Historia, Memoria y Comunicación | ||
| 245 | 1 | 0 |
_aPasado/presente : _blas disputas del sentido : debates en historia, memoria y comunicación / _cDaniel Badenes y Luciano Grassi, compiladores. |
| 250 | _a1a ed. | ||
| 260 |
_aBernal : _bUniversidad Nacional de Quilmes, _c2021. |
||
| 300 |
_a239 páginas : _bretratos, fotografías blanco y negro ; _c20 cm. |
||
| 336 |
_btxt _2rdacontent |
||
| 337 |
_bn _2rdamedia |
||
| 338 |
_bnc _2rdacarrier |
||
| 490 | 1 | _aColección Derechos Humanos / codirigida por Baltasar Garzón y María Sonderéguer | |
| 500 | _aIncluye bibliografía al final de cada trabajo. | ||
| 520 | 2 | _a"Este libro recoge la agenda temática y reflexiones propiciadas en las Jornadas de Historia, Memoria y Comunicación que se han desarrollado anualmente en la Universidad Nacional de Quilmes desde 2009." -- |c (Introducción). | |
| 650 | 4 |
_aHISTORIA ARGENTINA _92450 |
|
| 650 | 4 |
_aMEMORIA _9365 |
|
| 650 | 4 |
_aDERECHOS HUMANOS _91641 |
|
| 700 | 1 |
_aBadenes, Daniel, _d1982- _ecom _eedt _98118 |
|
| 700 | 1 |
_aGrassi, Luciano _ecom _eedt |
|
| 700 | 1 |
_aGarzón, Baltasar, _d1955- _epbd _9751 |
|
| 700 | 1 |
_aSonderéguer, María, _d1953- _epbd |
|
| 710 | 2 | _aUniversidad Nacional de Quilmes |e impresor | |
| 942 |
_cLIBRO _n0 |
||
| 999 |
_c54155 _d54155 |
||